000 00818nam a2200217 a 4500
001 000030420
005 20200930062314.0
008 110517s2011 dr ac 000 0 spa d
020 _a9789945877526
040 _aDO-SdBNP
_bspa
_cBNPHU
082 _a362.196994
_bS939a
100 1 _aSuazo Depratt, José A.,
_d1948-
_957049
245 1 3 _aUn ángel también enfermó un triste día de diciembre /
_cJosé A. Suazo Depratt.
260 _aSanto Domingo :
_bEDIT.as,
_c2011.
300 _a57 p. :
_bil., retrs. ;
_c26 cm.
590 _aInventariado, 2018/ YL
650 4 _aEnfermos de cáncer
_xRehabilitación
_957050
650 4 _aNeoplasmas en niños
_xRehabilitación
_xCorrespondencia, memorias, etc.
_957051
650 4 _aEnfermedades en niños
_xRelatos personales
_957052
910 _aValidado. Control de calidad EMS
999 _c29912
_d29912